000
00338nam a2200133Ia 4500
008
240624s9999 xx 000 0 und d
041
_a
eng
082
_a
338.47 BAT
100
_a
BATAT WIDED
245
_a
NEW LUXURY EXPERIENCE CREATING THE ULTIM
260
_c
2019
_a
Switzerland
_b
Springer
300
_a
240p. ;23cm.
365
_c
ERU
_b
33
999
_c
32775
_d
32775